Potęgowanie i Pierwiastkowanie - Prosta Matematyka #2 - Statystyki

Ogólne statystyki
  • Ten quiz został rozwiązany 1 533 razy
  • Średni wynik to 16 z 20
Statystyki odpowiedzi
Hint Odpowiedź % Poprawnych
25
100%
36
97%
20² 400
96%
√4 2
95%
√16 4
95%
√49 7
95%
√81 9
95%
13² 169
89%
125
83%
10³ 1000
81%
√121 11
80%
27
80%
√225 15
76%
64
74%
∛8 2
73%
√625 25
69%
729
62%
16² 256
48%
√4096 64
34%
√1234321 1111
28%
Nie znaleziono quizów pasujących do podanych kryteriów
Rozkład punktacji
Procent ludzi z każdym wynikiem
Percentyl według liczby udzielonych odpowiedzi
Twoja historia wyników
Nie rozwiązałeś tego quizu